Statistiques concernant Élimination par catégorie - Pokémon n°2

Cliquez ici pour prendre le quiz!

Statistiques générales

  • Ce quiz a été pris 4 063 fois
  • Le résultat moyen est 12 sur 20

Statistiques - réponses

Groupe#Catégorie% Correct
Vert77Pokémon de départ ou une de leurs évolutions...
99%
Vert24...de type plante...
98%
Vert8...au troisième stade d'évolution...
97%
Vert4...apparu entre la quatrième et la septième génération (incluses)...
83%
Jaune20Pokémon avec deux paires d'ailes...
74%
Jaune18...de type Insecte...
72%
Vert1...dont le nom contient un "O":Torterra
71%
Jaune10...et de type Vol...
70%
Jaune3...dont le nom commence par un "P"...
60%
Bleu11Ultra-Chimère...
59%
Bleu7...présente dans Pokémon Soleil et Lune...
58%
Bleu5...qui n'est pas de type Insecte...
56%
Bleu3...dont le nom contient une lettre valant 10 au Scrabble...
51%
Bleu1...plus grand que Dracaufeu:Engloutyran
41%
Jaune1...forcément mâle:Papilord
38%
Rose24Pokémon pouvant avoir le talent Infiltration...
36%
Rose14...comme talent caché...
27%
Rose10...dont le nom contient un "O"...
25%
Rose4...ne pouvant plus ou pas évoluer...
24%
Rose1...de type Plante:Cotovol
17%

Distribution des résultats

Percentile par nombre de réponses

% des personnes avec chaque résultat

Votre développement - résultats

Vous n’avez pas pris ce quiz